Law Relating to Women & Children (Record no. 19962)

MARC details
000 -LEADER
fixed length control field 00338nam a22001457a 4500
008 - FIXED-LENGTH DATA ELEMENTS--GENERAL INFORMATION
fixed length control field 230502b |||||||| |||| 00| 0 eng d
020 ## - INTERNATIONAL STANDARD BOOK NUMBER
ISBN 81-7012-889-7
100 ## - MAIN ENTRY--AUTHOR NAME
Personal name M. Rao
245 ## - TITLE STATEMENT
Title Law Relating to Women & Children
250 ## - EDITION STATEMENT
Edition statement 2nd Ed.
260 ## - PUBLICATION, DISTRIBUTION, ETC. (IMPRINT)
Place of publication Lucknow
Name of publisher EBC
Year of publication 2010
300 ## - PHYSICAL DESCRIPTION
Number of Pages 507
546 ## - LANGUAGE NOTE
Language note English
942 ## - ADDED ENTRY ELEMENTS (KOHA)
Source of classification or shelving scheme Dewey Decimal Classification
Koha item type Books
Holdings
Accession Number Cost, normal purchase price Source of acquisition Price effective from Koha item type Withdrawn / writtenoff status Damaged status Not for loan Permanent Location Current Location Shelving location Date acquired Lost/ Missing status department
LLB 459 365.00 Donated By Mr. Karan Pandoh Assistant Prof. MIET SOL 05/02/2023 Books       MIET Library, Jammu MIET Library, Jammu 186/4 04/24/2023   BBA LLB